Problemas y métodos de prospectiva: caja de herramientas
Saved in:
| Main Authors: | , , , |
|---|---|
| Format: | Bog |
| Sprog: | spansk |
| Udgivet: |
París
UNESCO
1990
|
| Serier: | Prospektiker. Futuribles
|
| Fag: | |
| Tags: |
Tilføj Tag
Ingen Tags, Vær først til at tagge denne postø!
|
MARC
| LEADER | 00000nam a2200000 a 4500 | ||
|---|---|---|---|
| 001 | UCY6137 | ||
| 003 | CL-VaPUC | ||
| 008 | 950521e19900409FR |||||||||||||||||spa|d | ||
| 082 | 0 | 4 | |a 001.42 |b GOD |2 21 |
| 100 | 0 | |a Godet, Michel |e author |9 335859 | |
| 700 | 0 | |a Bourse, F |e author |9 335860 | |
| 700 | 0 | |a Chapuy, P |e author |9 335861 | |
| 700 | 0 | |a Menant, I |e author |9 335862 | |
| 245 | 1 | 0 | |a Problemas y métodos de prospectiva: caja de herramientas |
| 300 | |a 92 h | ||
| 942 | |c BK | ||
| 945 | |d 19950521 00:00:00 |a cmena | ||
| 260 | |a París |b UNESCO |c 1990 | ||
| 650 | 0 | |a Métodos de investigación |9 262618 | |
| 650 | 7 | |a TECNICAS DE INVESTIGACION |2 CL-VaPUC |9 335863 | |
| 650 | 7 | |a ELECCION |2 CL-VaPUC |9 335864 | |
| 650 | 0 | |a Toma de decisiones |9 257530 | |
| 650 | 0 | |a Metodología |9 256610 | |
| 650 | 7 | |a PLANIFICACION |2 CL-VaPUC |9 260802 | |
| 650 | 7 | |a ELABORACION DE POLITICAS |2 CL-VaPUC |9 335865 | |
| 650 | 0 | |a Proyectos de investigación |9 259727 | |
| 650 | 0 | |a Aplicaciones de computadores |9 260401 | |
| 583 | |a last modification |c 19950521 00:00:00 |k Rodrigo Vera | ||
| 490 | 0 | |a Prospektiker. Futuribles | |
| 999 | |c 233718 |d 233716 | ||
| 952 | |0 0 |1 0 |4 0 |6 001_420000000000000_GOD_1990 |7 0 |8 P |9 239422 |a BIBEDU |b BIBEDU |c BIBEDU_PB |d 2019-11-18 |i 1504576 |o 001.42 GOD 1990 |p 1504576 |r 2024-01-25 |w 2019-11-18 |y BK |k EDU | ||